000 00654nam a2200217 4500
001 15960
010 _a9789898866950
021 _b470107/20
090 _a15960
100 _a20200508d2020 m y0pory50030103ba
200 1 _aLar doce lar
_fFrancesca Pirrone
210 9 _aCoimbra
_cMinotauro,
_d2020
215 _a1 v.
_cil.
_d28 cm
304 _aTít. orig.: Casa dolce casa
675 _a087.5
_vBN
_zpor
675 _a821.131.1-93"20"
_vBN
_zpor
675 _a821.131.1-34"20"
_vBN
_zpor
700 1 _aPirrone,
_bFrancesco
801 0 _aPT
_bBN
_gRPC
856 4 1 _uhttp://rnod.bnportugal.gov.pt/ImagesBN/winlibimg.aspx?skey=&doc=2044015&img=143690&save=true
990 _cLIVROS